Catálogo

¡Despertad! : (Registro nro. 7733)

Detalles MARC
000 -LEADER
fixed length control field 01179cam a2200337 i 4500
001 - CONTROL NUMBER
control field 7733
003 - CONTROL NUMBER IDENTIFIER
control field Mx-PuUPA
005 - DATE AND TIME OF LATEST TRANSACTION
control field 20260214094047.0
008 - FIXED-LENGTH DATA ELEMENTS--GENERAL INFORMATION
fixed length control field 140415s2021 sp gr 000 0 spa d
017 ## - COPYRIGHT OR LEGAL DEPOSIT NUMBER
Copyright or legal deposit number NA 690-2021
020 ## - INTERNATIONAL STANDARD BOOK NUMBER
International Standard Book Number 9788431336158
040 ## - CATALOGING SOURCE
Original cataloging agency Mx-PuUPA
Language of cataloging spa
Transcribing agency Mx-PuUPA
Modifying agency Mx-PuUPA
Description conventions rda
041 0# - LANGUAGE CODE
Language code of text/sound track or separate title spa
100 1# - MAIN ENTRY--PERSONAL NAME
Personal name Cortina, Albert,
Dates associated with a name 1961-
Relator term autor
9 (RLIN) 17828
245 11 - TITLE STATEMENT
Title ¡Despertad! :
Remainder of title trashumanismo y nuevo orden mundial /
Statement of responsibility, etc. Albert Cortina
264 #1 - PRODUCTION, PUBLICATION, DISTRIBUTION, MANUFACTURE, AND COPYRIGHT NOTICE
Place of production, publication, distribution, manufacture Pamplona, España :
Name of producer, publisher, distributor, manufacturer Ediciones Universidad de Navarra,
Date of production, publication, distribution, manufacture, or copyright notice ©2021
300 ## - PHYSICAL DESCRIPTION
Extent 393 páginas ;
Dimensions 22 cm
336 ## - CONTENT TYPE
Fuente rdacontent
Content type term texto
Content type code txt
337 ## - MEDIA TYPE
Source rdamedia
Media type term sin medio
Media type code n
338 ## - CARRIER TYPE
Source rdacarrier
Carrier type term volumen
Carrier type code nc
490 0# - SERIES STATEMENT
Series statement Ciencias sociales
650 #7 - SUBJECT ADDED ENTRY--TOPICAL TERM
Source of heading or term armarc
Topical term or geographic name entry element Antropología filosófica
650 #7 - SUBJECT ADDED ENTRY--TOPICAL TERM
Source of heading or term armarc
Topical term or geographic name entry element Humanismo (Filosofía)
650 #7 - SUBJECT ADDED ENTRY--TOPICAL TERM
Source of heading or term armarc
Topical term or geographic name entry element Política
General subdivision Filosofía
650 #7 - SUBJECT ADDED ENTRY--TOPICAL TERM
Source of heading or term armarc
Topical term or geographic name entry element Transhumanismo
General subdivision Aspectos religiosos
-- Iglesia católica
650 #7 - SUBJECT ADDED ENTRY--TOPICAL TERM
Source of heading or term armarc
Topical term or geographic name entry element Vida espiritual
942 ## - ADDED ENTRY ELEMENTS (KOHA)
Source of classification or shelving scheme Dewey Decimal Classification
Koha item type Libro
Classification part 128.3
Item part C74
Existencias
Withdrawn status Lost status Source of classification or shelving scheme Damaged status Not for loan Collection code Home library Current library Shelving location Date acquired Source of acquisition Total Checkouts Total Renewals Full call number Barcode Checked out Date last seen Date last checked out Price effective from Koha item type
    Dewey Decimal Classification     Magisterial Biblioteca Karol Wojtyla Biblioteca Karol Wojtyla Módulo de circulación 03/12/2013 Compra 1 1 128.3 C74 2021 47218 17/02/2027 18/02/2026 18/02/2026 03/12/2013 Magisterial